|
|
|
|
| LEADER |
00000cam a22000002c 4500 |
| 001 |
1840066636 |
| 003 |
DE-627 |
| 005 |
20260105204308.0 |
| 007 |
cr uuu---uuuuu |
| 008 |
230324s2003 xx |||||o 00| ||eng c |
| 024 |
7 |
|
|a 10.3886/ICPSR03442.v1
|2 doi
|
| 035 |
|
|
|a (DE-627)1840066636
|
| 035 |
|
|
|a (DE-599)KXP1840066636
|
| 040 |
|
|
|a DE-627
|b ger
|c DE-627
|e rda
|
| 041 |
|
|
|a eng
|
| 084 |
|
|
|a 2,1
|2 ssgn
|
| 100 |
1 |
|
|a Prendergast, Michael
|e VerfasserIn
|4 aut
|
| 245 |
1 |
0 |
|a Outcome Evaluation of the Forever Free Residential Substance Abuse Treatment (RSAT) Program at the California Institution for Women, 1997-2000
|
| 264 |
|
1 |
|a [Erscheinungsort nicht ermittelbar]
|b [Verlag nicht ermittelbar]
|c 2003
|
| 336 |
|
|
|a Text
|b txt
|2 rdacontent
|
| 337 |
|
|
|a Computermedien
|b c
|2 rdamedia
|
| 338 |
|
|
|a Online-Ressource
|b cr
|2 rdacarrier
|
| 520 |
|
|
|a This study was an outcome evaluation of the Forever Free Substance Abuse Treatment Program at the California Institution for Women (CIW). Data were collected from 119 women who entered Forever Free between October 1997 and June 1998. Comparison data were collected from 96 women enrolled in Life Plan for Recovery, an eight-week substance abuse education course at CIW, between April and November 1998. Program participants completed an intake questionnaire, approximately one month after the beginning of treatment, designed to collect information on background, therapeutic alliance with counselors, group identification with fellow participants, treatment motivation, and psychological status. Members of the comparison group completed an intake form that collected background information. Treatment participants completed a pre-release form before leaving the program, which collected information on clients' therapeutic alliance with their counselors, psychological status, drug-related locus of control, and post-release treatment plans. Women in both groups participated in 12-month follow-up interviews between September 1999 and August 2000, which were used to update background information and collect information on subjects' relationships with their children, drug use since release, substance abuse treatment since release, vocational training since release, services needed and received, social support, current treatment motivation, psychological status, and drug-related locus of control. Reincarceration data for the entire sample were obtained from the Offender-Based Information System, a database maintained by the California Department of Corrections.
|
| 540 |
|
|
|a ICPSR Terms of Use
|
| 650 |
|
4 |
|a Female Inmates
|
| 650 |
|
4 |
|a outcome evaluation
|
| 650 |
|
4 |
|a Substance Abuse Treatment
|
| 650 |
|
4 |
|a treatment compliance
|
| 650 |
|
4 |
|a treatment programs
|
| 655 |
|
7 |
|a Forschungsdaten
|0 (DE-588)1098579690
|0 (DE-627)857755366
|0 (DE-576)469182156
|2 gnd-content
|
| 700 |
1 |
|
|a Hall, Elizabeth A.
|e MitwirkendeR
|4 ctb
|
| 700 |
1 |
|
|a Wellisch, Jean
|e MitwirkendeR
|4 ctb
|
| 787 |
0 |
8 |
|i Forschungsdaten zu
|a Serin, Ralph C.
|t Does intra-individual change predict offender recidivism? Searching for the Holy Grail in assessing offender change
|d 2013
|w (DE-627)191251852X
|
| 787 |
0 |
8 |
|i Forschungsdaten zu
|a Wells, Doris
|t Drug treatment and reentry for incarcerated women
|d 2005
|w (DE-627)1912523469
|
| 787 |
0 |
8 |
|i Forschungsdaten zu
|a Mitchell, Ojmarrh
|t The effectiveness of incarceration-based drug treatment on criminal behavior: A systematic review
|d 2012
|w (DE-627)1912527669
|
| 787 |
0 |
8 |
|i Forschungsdaten zu
|a Villagra Lanza, Patricia
|t Eficacia Diferencial de ACT vs TCC en el Tratamiento del Abuso de Sustancias en el Medio Penitenciario
|d [Erscheinungsort nicht ermittelbar] : University of Oviedo, 2014
|w (DE-627)1912533715
|
| 787 |
0 |
8 |
|i Forschungsdaten zu
|a MacKenzie, Doris L., 1943 -
|t The impact of drug treatment provided in correctional facilities
|d Springer, 2011
|w (DE-627)1912582600
|
| 787 |
0 |
8 |
|i Forschungsdaten zu
|a Ndrecka, Mirlinda
|t The Impact of Reentry Programs on Recidivism: A Meta-Analysis
|d [Erscheinungsort nicht ermittelbar] : University of Cincinnati, 2014
|w (DE-627)1912584484
|
| 787 |
0 |
8 |
|i Forschungsdaten zu
|a Lart, Rachel
|t Interventions Aimed at Reducing Re-Offending in Female Offenders: A Rapid Evidence Assessment (REA)
|d National Offender Management Service, 2008
|w (DE-627)1912596067
|
| 787 |
0 |
8 |
|i Forschungsdaten zu
|a Gobeil, Renée
|t A meta-analytic review of correctional interventions for women offenders: gender-neutral versus gender-informed approaches
|d 2016
|w (DE-627)1885036566
|
| 787 |
0 |
8 |
|i Forschungsdaten zu
|a Parhar, Karen K.
|t Offender coercion in treatment
|d 2008
|w (DE-627)1889423742
|
| 787 |
0 |
8 |
|i Forschungsdaten zu
|a Prendergast, Michael
|t An Outcome Evaluation of the Forever Free Substance Abuse Treatment Program: One-Year Post-Release Outcomes
|d [Erscheinungsort nicht ermittelbar] : [Verlag nicht ermittelbar], 2002
|w (DE-627)1912642956
|
| 787 |
0 |
8 |
|i Forschungsdaten zu
|a Prendergast, Michael
|t Outcome Evaluation of the Forever Free Substance Abuse Treatment Program: One-Year Post-Release Outcomes, Final Report
|d [Erscheinungsort nicht ermittelbar] : United States Department of Justice, National Institute of Justice, 2002
|w (DE-627)1912642964
|
| 787 |
0 |
8 |
|i Forschungsdaten zu
|a Landenberger, Nana A.
|t The positive effects of cognitive-behavioral programs for offenders: A meta-analysis of factors associated with effective treatment
|d 2005
|w (DE-627)1912656477
|
| 787 |
0 |
8 |
|i Forschungsdaten zu
|a Prendergast, Michael
|t Process Evaluation of the Forever Free Substance Abuse Treatment Program
|d UCLA Drug Abuse Research Center, 1999
|w (DE-627)1912665832
|
| 787 |
0 |
8 |
|i Forschungsdaten zu
|a National Institute of Justice
|t Reentry programs for women inmates
|d 2005
|w (DE-627)1912680408
|
| 787 |
0 |
8 |
|i Forschungsdaten zu
|a Stevens, Tia M.
|t The Role of Social Support and Continuing Care as Predictors of Women's Prison-Based Substance Abuse Treatment Outcomes
|d [Erscheinungsort nicht ermittelbar] : Bowling Green State University, 2006
|w (DE-627)191269333X
|
| 787 |
0 |
8 |
|i Forschungsdaten zu
|a Andersen, Tia S.
|t Social support and one-year outcomes for women participating in prison-based substance abuse treatment programming
|d 2018
|w (DE-627)1732457433
|
| 787 |
0 |
8 |
|i Forschungsdaten zu
|a Adams, Susie
|t Substance abuse treatment for women offenders: A research review
|d 2008
|w (DE-627)1912716313
|
| 787 |
0 |
8 |
|i Forschungsdaten zu
|a Hall, Elizabeth A.
|t Treating drug-abusing women prisoners: An outcomes evaluation of the Forever Free program
|d 2004
|w (DE-627)1912728230
|
| 856 |
4 |
0 |
|u https://doi.org/10.3886/ICPSR03442.v1
|x Resolving-System
|z kostenfrei
|3 Volltext
|7 0
|
| 935 |
|
|
|a mkri
|
| 951 |
|
|
|a BO
|
| ELC |
|
|
|a 1
|
| LOK |
|
|
|0 000 xxxxxcx a22 zn 4500
|
| LOK |
|
|
|0 001 429681446X
|
| LOK |
|
|
|0 003 DE-627
|
| LOK |
|
|
|0 004 1840066636
|
| LOK |
|
|
|0 005 20230324125336
|
| LOK |
|
|
|0 008 230324||||||||||||||||ger|||||||
|
| LOK |
|
|
|0 035
|a (DE-2619)ICPSR3442
|
| LOK |
|
|
|0 040
|a DE-2619
|c DE-627
|d DE-2619
|
| LOK |
|
|
|0 092
|o n
|
| LOK |
|
|
|0 852
|a DE-2619
|
| LOK |
|
|
|0 852 1
|9 00
|
| LOK |
|
|
|0 935
|a foda
|a nacj
|
| LOK |
|
|
|0 939
|a 24-03-23
|b l01
|
| OAS |
|
|
|a 1
|
| ORI |
|
|
|a SA-MARC-krimdoka001.raw
|